Breve historia de la literatura clásica China
Guardat en:
| Autors principals: | , |
|---|---|
| Format: | Llibre |
| Idioma: | espanyol |
| Publicat: |
Beijing
Lenguas extranjeras
1986
|
| Edició: | 2a. ed |
| Matèries: | |
| Etiquetes: |
Afegir etiqueta
Sense etiquetes, Sigues el primer a etiquetar aquest registre!
|
MARC
| LEADER | 00000nam a2200000 a 4500 | ||
|---|---|---|---|
| 001 | UCI1191 | ||
| 003 | CL-VaPUC | ||
| 008 | 070622e19860000CH |||||||||||||||||spa|d | ||
| 082 | 0 | 4 | |a 895 |b KAN |2 21 |
| 100 | 0 | |a Kanru, Lu |e author |9 521528 | |
| 700 | 0 | |a Yuanjun, Feng |e author |9 521529 | |
| 245 | 1 | 0 | |a Breve historia de la literatura clásica China |
| 250 | |a 2a. ed | ||
| 300 | |a 126 p | ||
| 942 | |c BK | ||
| 945 | |d 20070622 00:00:00 |a jtorresc | ||
| 260 | |a Beijing |b Lenguas extranjeras |c 1986 | ||
| 650 | 7 | |a LITERATURA CHINA |2 CL-VaPUC |9 352595 | |
| 583 | |a last modification |c 20070622 00:00:00 |k Rodrigo Vera | ||
| 999 | |c 326032 |d 326030 | ||
| 952 | |0 0 |1 0 |4 0 |6 895_000000000000000_KAN_1986 |7 0 |8 A |9 407649 |a BIBGIM |b BIBGIM |d 2019-11-22 |i 4278003 |o 895 KAN 1986 |p 4278003 |r 2025-01-15 |w 2019-11-22 |y BK |k ORI | ||